000 00336nam a2200169Ia 4500
100 _aBatra/Promod
250 _a3
942 _cBK
366 _f20
654 _amanagement
245 _aManagement Thoughts
260 _bThink Inc.
_aMumbai
_c2004
082 _a658/BAT
_bBAT
300 _a326
546 _aENGLISH
999 _c30381
_d30381